[Event "Vladivostok Meridian op rap"]
[Site "Vladivostok"]
[Date "2015.07.18"]
[Round "1"]
[White "Bocharov, Dmitry"]
[Black "Lavrinenko, Aleksandr"]
[Result "1-0"]
[WhiteElo "2561"]
[BlackElo "1884"]
[PlyCount "79"]
[EventDate "2015.07.18"]
[EventType "swiss (rapid)"]
[EventRounds "11"]
[EventCountry "RUS"]
[SourceTitle "EXT 2016"]
[Source "ChessBase"]
[SourceDate "2015.10.08"]
[SourceVersion "1"]
[SourceVersionDate "2015.10.08"]
[SourceQuality "1"]

1. c4 g6 2. d4 Nf6 3. f3 Bg7 4. e4 d6 5. Be3 0-0 6. Ne2 c5 7. Qd2 Nc6 8. d5 Ne5 9. Nec3 e6 10. Be2 exd5 11. cxd5 Re8 12. 0-0 a6 13. a4 Rb8 14. h3 Nh5 15. f4 Nd7 16. Bxh5 gxh5 17. Na3 Bxc3 18. bxc3 Rxe4 19. f5 Qe8 20. Bh6 f6 21. Qf2 Kh8 22. Qg3 Qe7 23. Rae1 Rxe1 24. Rxe1 Ne5 25. Nc4 Bxf5 26. Nxd6 Bg6 27. Nc4 Re8 28. Kh1 b5 29. d6 Qe6 30. axb5 axb5 31. Nxe5 fxe5 32. Rd1 Kg8 33. Qg5 Qd7 34. Qe3 c4 35. Kh2 Re6 36. Qf3 Re8 37. Qd5+ Bf7 38. Qc5 Bg6 39. Rf1 Re6 40. Rf8# 1-0